-
CHATURVEDI, R.N. ANDARORA,VIBHA
Entry Personal Name
Number of records used in: 1
001 - CONTROL NUMBER
003 - CONTROL NUMBER IDENTIFIER
005 - DATE AND TIME OF LATEST TRANSACTION
- control field:
20231031170425.0
008 - FIXED-LENGTH DATA ELEMENTS
- fixed length control field:
231031|| aca||aabn | a|a d
040 ## - CATALOGING SOURCE
- Original cataloging agency:
JRU
- Transcribing agency:
JRU
100 ## - HEADING--PERSONAL NAME
- Personal name:
CHATURVEDI, R.N. ANDARORA,VIBHA
670 ## - SOURCE DATA FOUND
- Source citation:
Work cat.: (JRU)8436: CHATURVEDI, R.N. ANDARORA,VIBHA, PLEADINGS, DRAFTING AND CONVEYANCING